000 01509namaa22003852i 4500
001 2582568
003 EG-GICUC
005 20260513155825.0
008 960517s1996 inua jr 001 0 eng d
020 _a0789707446
020 _a9780789707444
040 _aTxHMC
_cTxHMC
_dIRoRVC
_dDLC
_dEG-GICUC
_beng
_erda
082 0 0 _a005.4/469
_221
_bB583
092 0 4 _221
_a005.4/469
_bB583
099 _a005.4/469 B583
100 1 _aBlakely, James M.
_eمؤلف.
245 1 0 _aWindows 95 :
_bMicrosoft certified professional guide /
_cJames M. Blakely with Carmen M. Rodero.
246 1 4 _aWindows 95 exam guide
264 _aIndianapolis, Ind. :
_bQue, ;
_cc1996.
300 _axxxviii, 844 p. :
_billustration;
_c24 cm. +
_e1 computer laser optical disc (4 3/4 in.)
336 _atext
_btxt
_2rdacontent
337 _aunmediated
_bn
_2rdamedia
338 _avolume
_bnc
_2rdacarrier
500 _aIncludes index.
504 _aBibliography: pages 507-842.
538 _aSystem requirements : IBM-compatible PC I386, Microsoft DOS 5.0, Micorsoft Windows 3.x, 4 M of RAM 256-color display adapter, Double-Speed CD-ROM drive.
541 _aوزارة الثقافة ؛
_bالقاهرة ؛
_cإهداء ؛
_d2023.
630 0 0 _aMicrosoft Windows (Computer file)
650 0 0 _aElectronic data processing personnel
_xCertification.
_2qrmak
650 0 _aMicrosoft software
_xStudy and teaching.
_2qrmak
651 1 _2qrmak
700 1 _aRodero, Carmen M.
_eAuthor.
905 _aSamah
942 _2ddc
_cBK
_e21
_n0
999 _c180136
_d180136